000 00602nam a2200241 a 4500
001 nice12345678
003 IN_TiNIC
005 20260116012447.0
008 050524s1972 dela grp 000 0 eng
020 _a
_c35
082 0 0 _a954.0236
_bHUS
100 _aHusain, Agha Mahdi
245 _aRise and Fall of Muhammad Bin Tughluq
260 _aDelhi
_bIdara-I-Adabiyat-I-Dilli
_c1972
300 _a274p
500 _aincludes index and biblioraphy
505 2 _aIndex
650 _aIndia-History Tughlaq
700 1 _aHusain, Agha Mahdi
902 _bSRS
942 _cBK
999 _c7112
_d7112